DEVELOPMENT AND QUALITY EVALUATION OF NUTRIENT RICH PASTA FROM COMPOSITE FLOUR (Record no. 17604)
[ view plain ]
| 000 -LEADER | |
|---|---|
| fixed length control field | 00472nam a22001337a 4500 |
| 003 - CONTROL NUMBER IDENTIFIER | |
| control field | OSt |
| 082 ## - DEWEY DECIMAL CLASSIFICATION NUMBER | |
| Classification number | 631 |
| 088 ## - REPORT NUMBER | |
| Report number | P544 |
| 100 ## - MAIN ENTRY--AUTHOR NAME | |
| Personal name | ALAN JOSEPH |
| -- | ANJALY BALAKRISHNAN |
| -- | DEVIKA K K |
| -- | MAYA S KUMAR |
| -- | STELLA JOHNSON |
| 245 ## - TITLE STATEMENT | |
| Title | DEVELOPMENT AND QUALITY EVALUATION OF NUTRIENT RICH PASTA FROM COMPOSITE FLOUR |
| 260 ## - PUBLICATION, DISTRIBUTION, ETC. (IMPRINT) | |
| Place of publication | Thavanur |
| Year of publication | 2022 |
| 700 ## - ADDED ENTRY--PERSONAL NAME | |
| Personal name | Dr. Rajesh G K, project guide |
| 942 ## - ADDED ENTRY ELEMENTS (KOHA) | |
| Koha item type | Project Report |
| 260 ## - PUBLICATION, DISTRIBUTION, ETC. (IMPRINT) | |
| -- | Kelappaji College of Agricultural Engineering and Technology |
| Collection code | Home library | Current library | Shelving location | Full call number | Accession Number | Koha item type |
|---|---|---|---|---|---|---|
| Reference | KAUAET | KAUAET | Reference1 | 631 | P544 | Project Report |
